=LDR 00000nam 2200000 4500 =001 INLIS000000000052193 =990 ##$$a 21705206 =990 ##$$a 21705208 =005 20200220123834 =990 ##$$a 21705210 =990 ##$$a 21705210 =035 ##$$a 0010-0118000381 =990 ##$$a 21705209 =990 ##$$a 21705209 =007 ta =990 ##$$a 21705208 =990 ##$$a 21705207 =008 200220################g##########0#ind## =990 ##$$a 21705207 =990 ##$$a 21705206 =020 ##$$a 978-602-317-233-7 =082 ##$$a 153.93 =084 ##$$a 153.93 NUR t =100 #$$a Nurul Chomaria =245 1#$$a Tes Kepribadiaan Remaja Paling Populer : $b Look Inside Your Personality /$c Nurul Chomaria, S.Psi. =260 ##$$a Surakarta :$b Bisa Publishing,$c 2016 =300 ##$$a 248 hlm : $b ilus. ; $c 22 x 14 cm. =500 ##$$a Biografi : hlm. 248 =650 #4$$a Tes Kepribadiaan =504 ##$$a Bibliografi : hlm. 247 =990 ##$$a 21705210 =990 ##$$a 21705209 =990 ##$$a 21705208 =990 ##$$a 21705207 =990 ##$$a 21705206